Venancio Ramos

Bibliographic Details
Main Author: (fh) (Author)
Format: Article
Language:Slovak
PhysicalDescription:Obr. 1.
Subjects:

MARC

LEADER 00000nab a2200000 a 4500
001 vtls000259437
003 SK-MaSNL
005 20260302220909.0
008 111130c1986 xo 0 slo
015 |a SNBRB19rr/mm-uuuuu 
035 |a CL0269551 
040 |a SNKBUCL  |b slo  |c SNKBUCL  |e AACR2 
041 0 |a slo 
044 |a xo  |c SK 
080 |a 796.332.077  |2 1981 
080 |a 929 Ramos, Venancio  |2 1981 
100 1 |a (fh)  |4 aut  |9 924076 
245 1 0 |a Venancio Ramos  |c (fh) 
300 |b Obr. 1. 
650 0 7 |a Ramos, Venancio  |2 snkbucl  |9 947197 
655 7 |a články z novín a časopisov  |2 snkbucl  |9 267496 
773 0 |t Štart  |g Roč. 31, č. 24 (1986), s. 32 
850 |a Slovenská národná knižnica v Martine  |a MTA001 
852 |a SNK  |b KIS3GCP 
958 |a RK 
992 |a RBX 
999 |c 1509192  |d 1511122